Development assistance : Efforts and policies of the members of the Development Assistance Committee

محفوظ في:
التفاصيل البيبلوغرافية
مؤلف مشترك: Organisation for Economic Co-operation and Development
التنسيق: كتاب
اللغة:Undetermined
منشور في: Paris Organisation for Economic Co-operation and Development 1969
الموضوعات:
الوسوم: إضافة وسم
لا توجد وسوم, كن أول من يضع وسما على هذه التسجيلة!
Thư viện lưu trữ: Trung tâm Học liệu Trường Đại học Cần Thơ
LEADER 00723nam a2200205Ia 4500
001 CTU_98771
008 210402s9999 xx 000 0 und d
082 |a 338.9 
082 |b O.68 
110 |a Organisation for Economic Co-operation and Development 
245 0 |a Development assistance : 
245 0 |b Efforts and policies of the members of the Development Assistance Committee 
245 0 |c Organisation for Economic Co-operation and Development 
260 |a Paris 
260 |b Organisation for Economic Co-operation and Development 
260 |c 1969 
650 |a Economic assistance 
650 |x Developing countries,Periodicals 
904 |i Giang 
980 |a Trung tâm Học liệu Trường Đại học Cần Thơ